Uso selectivo de estrategias según la destreza oral : (Record no. 186833)
[ view plain ]
| 000 -CABECERA | |
|---|---|
| campo de control de longitud fija | 02175nab a2200277 a 4500 |
| 005 - FECHA Y HORA DE LA ÚLTIMA TRANSACCIÓN | |
| campo de control | 20210219163013.0 |
| 008 - ELEMENTOS DE LONGITUD FIJA--INFORMACIÓN GENERAL | |
| campo de control de longitud fija | 991125s1985 mx 000 0 spa u |
| 035 ## - NÚMERO DE CONTROL DEL SISTEMA | |
| Número de control de sistema | UPN01000214733 |
| 049 ## - COLECCIÓN | |
| Colección | ART |
| 100 1# - ASIENTO PRINCIPAL--NOMBRE PERSONAL | |
| Nombre de persona | Luque Agulló, Gloria |
| 100 1# - ASIENTO PRINCIPAL--NOMBRE PERSONAL | |
| Filiación | gluque@ujaen.es |
| 100 1# - ASIENTO PRINCIPAL--NOMBRE PERSONAL | |
| Nombre de persona | Bueno Alastuey, María Camino |
| 100 1# - ASIENTO PRINCIPAL--NOMBRE PERSONAL | |
| Nombre de persona | Ramos Alvarez, Manuel Miguel |
| 222 #0 - TÍTULO CLAVE | |
| Título clave | REVISTA DE EDUCACION |
| 245 00 - MENCIÓN DE TÍTULO | |
| Título | Uso selectivo de estrategias según la destreza oral : |
| Resto del título | un análisis de libros de texto de enseñanza del inglés usando la modelización categórica |
| 260 ## - PUBLICACIÓN, DISTRIBUCIÓN, ETC. | |
| Lugar de publicación, distribución, etc. | Madrid, España |
| 300 ## - DESCRIPCIÓN FÍSICA | |
| Extensión | 10-42 |
| 362 0# - FECHAS DE PUBLICACIÓN Y/O DESIGNACIÓN SECUENCIAL | |
| Fecha de publicación y/o designación secuencial | 2016 Número 374, octubre-diciembre |
| 520 3# - NOTA DE RESUMEN, ETC. | |
| Sumario, etc. | Motivado por el hecho de que investigaciones recientes han demostrado que enseñar explícitamente las estrategias de aprendizaje de la segunda lengua (L2) contribuye a un incremento en el uso de estas estrategias y a una mejora de la competencia oral, este estudio explora el tipo de enseñanza estratégica presente en algunos de los libros más usados en segundo de Bachillerato en España. El estudio consideró si la enseñanza de estrategias de aprendizaje era implícita o explícita, y si el tipo de destreza, comprensión o producción oral, para el que se realiza dicha enseñanza afectaba de alguna manera a la propia selección de estrategias. Se estudió la asociación entre las tres variables (enseñanza, estrategia y destreza) usando una perspectiva de análisis basada en la modelización. Los resultados mostraron, primero, que la selección de estrategias dependía de la destreza; segundo, que el tipo de estrategias seleccionadas no difería estadísticamente según su tipo de enseñanza, explícita o implícita; y tercero, que la enseñanza estratégica en los libros de texto se realiza, en su mayor parte, de una manera implícita, por lo que la enseñanza explicita es insuficiente |
| 653 0# - TERMINO DE INDIZACION - NO CONTROLADO | |
| Término no controlado | ESTRATEGIAS DE ENSEÑANZA |
| 653 0# - TERMINO DE INDIZACION - NO CONTROLADO | |
| Término no controlado | LENGUA EXTRANJERA |
| 653 0# - TERMINO DE INDIZACION - NO CONTROLADO | |
| Término no controlado | EDUCACION MEDIA SUPERIOR |
| 653 0# - TERMINO DE INDIZACION - NO CONTROLADO | |
| Término no controlado | ESPAÑA |
| 856 4# - LOCALIZACIÓN Y ACCESO ELECTRÓNICOS | |
| Identificador Uniforme del Recurso | <a href="http://www.mecd.gob.es/dctm/revista-de-educacion/articulos374/01luquenuevo.pdf?documentId=0901e72b8225044f">http://www.mecd.gob.es/dctm/revista-de-educacion/articulos374/01luquenuevo.pdf?documentId=0901e72b8225044f</a> |
| 905 ## - TIPO DE MATERIAL | |
| Tipo de material | Articulo |
No items available.
